00463nam a2200169Ia 4500003000400000005001700004008004100021020001500062040000700077041000800084082001900092100002300111245008900134260004000223300001700263365001300280OSt20230427094255.0210423s2007 xx 000 0 und d a8130907445 cAL aeng a820.9 BLOV223 aBLOOM (Harold),Ed. aViva modern critical interpretations Ken Kensey''s one flew over the cuckoo''s nest. aNew DelhibViva Books Pvt Ltdc2007 aviii,194bPB b125cINR